000 00572nam a2200181 i 4500
001 130633
003 ES-MaACL
005 20230906193809.0
007 t|
008 070802s1969 sp ||||1| baq d
100 1 _aZavala, Antonio.
_9118104
245 1 0 _aZulaika ta Ugalde bertsolariak /
_cMotza (seud.), Antonio Zavala.
260 _a[San Sebastián :
_bs.n.],
_c1969 (
_fImp. Izarra)
300 _a140 p. ;
_c18 cm.
650 1 4 _aPoesía vasca-
_xHistoria y crítica.
_916198
700 1 _aBeloci Aramburu, Juan Cruz.
_927312
852 _aES-MaACL
_jC-36220
_bR.69048
999 _c130633
_d130633